L'AMOUR DE MA VIE - Billie Eilish (All Lyrics) - Statistics

General Stats
  • This quiz has been taken 162 times
  • The average score is 324 of 374
Answer Stats
Lyrics % Correct
be
99%
I
99%
of
99%
the
99%
The
99%
you
99%
You
99%
you,
99%
your
99%
Your
99%
a
98%
for
98%
For
98%
in
98%
life
98%
love
98%
So
98%
so
98%
to
98%
best
97%
rest
97%
when
97%
When
97%
wish
97%
But
96%
eyes
96%
we
96%
were
96%
we're
96%
We're
96%
my
95%
My
95%
on
95%
on,
95%
sorry
95%
lie
94%
looked
94%
told
94%
It
93%
it
93%
need
93%
confess,
92%
Felt
92%
me
92%
moved
92%
said
92%
an
90%
was
89%
because
88%
Because
88%
never
88%
Did
87%
did
87%
fall
87%
Then
87%
then
87%
tried
87%
time?
86%
time
86%
apology
84%
feel
84%
again
83%
asking
83%
break
83%
like
83%
Like
83%
mine
83%
go
82%
heart?
82%
if
82%
leave
82%
isn't
81%
It's
81%
it's
81%
there
81%
you'd
81%
her,
80%
her
80%
immediately
80%
waste
80%
lot
79%
not
79%
now
79%
making
78%
kill
77%
found
74%
Just
74%
could
73%
depressed
73%
mind
73%
or
73%
what
73%
all
71%
losing
71%
would
71%
fault,
70%
left,
70%
stomach
70%
why
70%
after
69%
made
69%
almost
68%
And
68%
upset
68%
hard
67%
over
67%
Thought
67%
obvious
66%
ever
65%
knew
63%
it'd
62%
keep
55%
wanted
55%
didn't
53%
know
52%
With
51%
mediocre
50%
Say
50%
shoulder?
47%
glad
46%
hand
43%
pretty
42%
somethin'
41%
girl's
40%
girls
40%
miss
40%
Camera
39%
camera
39%
both
38%
Wanna
38%
way
38%
seen
36%
should've
36%
such
36%
went
36%
down
34%
believe
33%
'Til
33%
fan
33%
pity
33%
Wouldn't
33%
Caught
29%
No matching quizzes found
Score Distribution
Percent of People with Each Score
Percentile by Number Answered
Your Score History
You have not taken this quiz